De la personnalité juridique (Record no. 137680)

MARC details
000 -LEADER
campo de control de longitud fija 00565nam a2200157 4500
001 - NÚMERO DE CONTROL
campo de control 137680
003 - IDENTIFICADOR DE NÚMERO DE CONTROL
campo de control ES-MaACL
005 - FECHA Y HORA DE LA ÚLTIMA TRANSACCIÓN
campo de control 20230906195424.0
007 - CAMPO FIJO DE DESCRIPCIÓN FÍSICA--INFORMACIÓN GENERAL
campo de control de longitud fija t|
008 - DATOS DE LONGITUD FIJA--INFORMACIÓN GENERAL
campo de control de longitud fija 070214s1910 fr r ||||1| fre d
100 1# - ENTRADA PRINCIPAL--NOMBRE DE PERSONA
Nombre de persona Saleilles, Raymond.
9 (RLIN) 101868
245 10 - MENCIÓN DEL TÍTULO
Título De la personnalité juridique
Resto del título : histoire et théories : vingt-cinq leçons d'introduction a un cours de Droit Civil comparé sur les personnes juridiques /
Mención de responsabilidad, etc. par Raymond Saleilles.
260 ## - PUBLICACIÓN, DISTRIBUCIÓN, ETC.
Lugar de publicación, distribución, etc. Paris :
Nombre del editor, distribuidor, etc. Arthur Rousseau,
Fecha de publicación, distribución, etc. 1910.
300 ## - DESCRIPCIÓN FÍSICA
Extensión VIII, 672 p. ;
Dimensiones 22 x 14 cm.
852 ## - LOCALIZACIÓN
Ubicación ES-MaACL
Número de control de estantería D-200
Holdings
Estatus retirado Estado de pérdida Estado de daño No para préstamo Biblioteca de origen Biblioteca actual Ubicación en estantería Fecha de adquisición Fuente de adquisición Total de préstamos Signatura topográfica completa Código de barras Visto por última vez Precio de reemplazo Tipo de ítem Koha
        Biblioteca del Ateneo de Madrid Biblioteca del Ateneo de Madrid Sala Valle Inclán 17/01/2008     D-200 901143275 23/02/2023 23/02/2023 Libro impreso